| 000 | 00663nam a22002057a 4500 | ||
|---|---|---|---|
| 003 | OSt | ||
| 005 | 20250805013917.0 | ||
| 008 | 250805b |||||||| |||| 00| 0 eng d | ||
| 020 | _a978-621-427-185-6 | ||
| 040 |
_aDWC-Main Lib _cOC |
||
| 082 | _aFil. 001.4 S484i 2024 | ||
| 100 | _aSergote, Jessie | ||
| 245 |
_aIntroduction to research/ _cJessie Sergote |
||
| 260 |
_aManila, Philippines : _bUnlimited Books Library Services & Publishing, _cc2024. |
||
| 300 |
_aviii, 202 pages : _billustrations ; _c23cm. |
||
| 504 | _aIncludes bibliographical references. | ||
| 650 | _a1. Education- Research. | ||
| 650 | _a2. Research. | ||
| 942 |
_2ddc _cBK - FIL _kFil. _n0 |
||
| 999 |
_c3934 _d3934 |
||